000 00486 a2200193 4500
005 20260225095828.0
008 260224b |||||||| |||| 00| 0 eng d
020 _a9788194361190
_cRs, 800.00
040 _aMAIN
082 _a796.076137046
_bS26Y
100 _aShaw, Dhananjay
245 _aYoga asanas and their benefits
260 _bSports Publication
_c2026
_aNew Delhi
300 _a160
650 _aYoga
650 _aAsanas
650 _aBenefits of Yoga
942 _cBK
999 _c396212
_d396212